EGY KERESKEDELMI VÁLLALKOZÁS TEVÉKENYSÉGÉNEK BEMUTATÁS ÉS ELEMZÉSE

Bibliográfiai részletek
Szerző: Nagy Richárd György
További közreműködők: Katz György
Dokumentumtípus: Záródolgozat
Kulcsszavak:Építőipar
KKV, kis- és közepes vállalat
Épületgépészet
Áruforgalom
Humánerőforrás
Pénzügy
Elemzés
Online Access:http://dolgozattar.uni-bge.hu/59370

MARC

LEADER 00000nta a2200000 i 4500
001 dolg59370
005 20260113161139.0
008 260113suuuu hu o 000 hun d
040 |a BGE Dolgozattár Repozitórium  |b hun 
041 |a hu 
100 1 |a Nagy Richárd György 
245 1 0 |a EGY KERESKEDELMI VÁLLALKOZÁS TEVÉKENYSÉGÉNEK BEMUTATÁS ÉS ELEMZÉSE  |c Nagy Richárd György  |h [elektronikus dokumentum] 
516 |a Final_paper 
695 |a Építőipar 
695 |a KKV, kis- és közepes vállalat 
695 |a Épületgépészet 
695 |a Áruforgalom 
695 |a Humánerőforrás 
695 |a Pénzügy 
695 |a Elemzés 
700 1 |a Katz György  |e ths 
856 4 0 |u http://dolgozattar.uni-bge.hu/59370/1/Nagy-Richard-Gyorgy.pdf  |z Dokumentum-elérés